[Event "XXXI Memorial Edoardo Crespi B"]
[Site "Milano ITA"]
[Date "2010.12.08"]
[Round "6"]
[White "Lancianese, Giuseppe"]
[Black "Regorda, Vittorio"]
[Result "0-1"]
[WhiteElo "1784"]
[BlackElo "1881"]
[PlyCount "102"]
[EventDate "2010.12.04"]

1. d4 d5 2. c4 c6 3. Nc3 Nf6 4. cxd5 cxd5 5. Nf3 Nc6 6. e3 a6 7. a3 Bg4 8. Be2
e6 9. Bd2 Bd6 10. Rc1 O-O 11. O-O Rc8 12. Na4 Ne4 13. b4 f5 14. Nc5 Nxc5 15.
dxc5 Bxf3 16. Bxf3 Bb8 17. Bc3 Qh4 18. g3 Qh3 19. Bg2 Qh6 20. Rc2 Rcd8 21. Rd2
Qg6 22. f4 h5 23. Bf3 h4 24. Kf2 h3 25. Kg1 Qh6 26. Kh1 g5 27. Kg1 g4 28. Bh1
Qg6 29. Rff2 Ba7 30. Rfe2 Rf7 31. Bd4 Rfd7 32. Qe1 Qf7 33. Qa1 Kh7 34. Kf2 Rb8
35. Rd1 b5 36. Rde1 Ra8 37. Ra2 Bb8 38. Rd1 Rda7 39. Rdd2 a5 40. Bc3 Bc7 41.
Qb1 axb4 42. axb4 Bd8 43. Rxa7 Rxa7 44. Ra2 Kg6 45. Ke2 Bf6 46. Kd3 Qg7 47.
Rxa7 Nxa7 48. Bd4 Nc6 49. Qb2 Bxd4 50. exd4 Qa7 51. Qe2 Nxb4+ 0-1

[Event "XXXI Memorial Edoardo Crespi B"]
[Site "Milano ITA"]
[Date "2010.12.08"]
[Round "6"]
[White "Laurino, Alberto"]
[Black "Di Lascio, Savino"]
[Result "0-1"]
[WhiteElo "1801"]
[BlackElo "1940"]
[PlyCount "106"]
[EventDate "2010.12.04"]

1. e4 c6 2. d4 d5 3. e5 Bf5 4. Nf3 e6 5. Bd3 Bxd3 6. Qxd3 Qa5+ 7. Bd2 Qa6 8.
Qxa6 Nxa6 9. Nc3 Ne7 10. a3 h5 11. Ne2 h4 12. h3 Nf5 13. Bg5 c5 14. c3 Rc8 15.
O-O cxd4 16. Nexd4 Nxd4 17. Nxd4 Nc5 18. Rfe1 Rh5 19. Nf3 Be7 20. Bxe7 Kxe7 21.
Rad1 Ne4 22. Rd4 a5 23. Rc1 Nc5 24. Rc2 Ne4 25. Re2 b5 26. a4 bxa4 27. Rxa4 Ra8
28. Rc2 Nc5 29. Rxh4 Rxh4 30. Nxh4 a4 31. Rc1 Rb8 32. Nf3 Nd7 33. Kf1 Nb6 34.
Rd1 Nc4 35. Ra1 Nxb2 36. Nd4 Rc8 37. Ra3 Ra8 38. f4 Nc4 39. Ra2 a3 40. Nb5 Rb8
41. Nxa3 Ra8 42. Nxc4 Rxa2 43. Ne3 Kd7 44. h4 Kc6 45. h5 Kc5 46. Kg1 Ra3 47. g4
Rxc3 48. Kf2 Kd4 49. Ng2 Ke4 50. g5 Rh3 51. g6 fxg6 52. hxg6 Rh2 53. Kg3 Rxg2+
0-1

[Event "XXXI Memorial Edoardo Crespi B"]
[Site "Milano ITA"]
[Date "2010.12.08"]
[Round "6"]
[White "Mansueti, Marco"]
[Black "Cerioni, Armando"]
[Result "1/2-1/2"]
[WhiteElo "1873"]
[BlackElo "1986"]
[PlyCount "46"]
[EventDate "2010.12.04"]

1. d4 d6 2. e4 Nf6 3. Nc3 c6 4. Nf3 Bg4 5. Be2 e6 6. h3 Bh5 7. Be3 Be7 8. Qd2
d5 9. e5 Nfd7 10. O-O O-O 11. g4 Bg6 12. Nh2 c5 13. f4 cxd4 14. Bxd4 Nc6 15.
Bf2 f5 16. Nf3 Bc5 17. Bxc5 Nxc5 18. g5 Bh5 19. Kg2 a6 20. Nd4 Bxe2 21. Ncxe2
Ne4 22. Qd3 Nxd4 23. Nxd4 Qe7 1/2-1/2

[Event "XXXI Memorial Edoardo Crespi B"]
[Site "Milano ITA"]
[Date "2010.12.08"]
[Round "6"]
[White "Marino, Marco"]
[Black "Ranfagni, Stefano"]
[Result "0-1"]
[WhiteElo "1775"]
[BlackElo "2003"]
[PlyCount "80"]
[EventDate "2010.12.04"]

1. d4 e6 2. Nf3 f5 3. e3 Nf6 4. Bd3 d5 5. O-O Bd6 6. Nbd2 O-O 7. c4 c6 8. b3
Bd7 9. Bb2 Be8 10. Ne5 Nbd7 11. Ndf3 Bh5 12. Qc2 Bxf3 13. Nxf3 Ne4 14. Ne5 Qe7
15. Rac1 Rac8 16. Qe2 Rfd8 17. Rc2 Bxe5 18. dxe5 Nec5 19. cxd5 cxd5 20. Bb5 a6
21. Bxd7 Qxd7 22. Rfc1 Ne4 23. Bd4 Rxc2 24. Qxc2 Kf8 25. Qc7 Ke8 26. Qb6 Rc8
27. Rxc8+ Qxc8 28. h4 Qc6 29. Qxc6+ bxc6 30. f3 Ng3 31. Kf2 f4 32. exf4 Nf5 33.
Bc5 Nxh4 34. g4 Ng6 35. Ke3 Kd7 36. a3 Ne7 37. Bxe7 Kxe7 38. b4 h6 39. f5 exf5
40. gxf5 h5 0-1

[Event "XXXI Memorial Edoardo Crespi B"]
[Site "Milano ITA"]
[Date "2010.12.08"]
[Round "6"]
[White "Mei, Gianluca"]
[Black "Baccarin, Stefano"]
[Result "1-0"]
[WhiteElo "1881"]
[BlackElo "1810"]
[PlyCount "63"]
[EventDate "2010.12.04"]

1. e4 c5 2. Nc3 d6 3. g3 Nf6 4. Bg2 Bg4 5. f3 Bh5 6. g4 Bg6 7. f4 h6 8. e5 dxe5
9. fxe5 Ng8 10. Bxb7 Nd7 11. Bxa8 Qxa8 12. Qf3 Qb8 13. Nge2 Nxe5 14. Qf4 Bxc2
15. O-O Nf6 16. h3 g5 17. Qe3 h5 18. d4 Nc4 19. Qxg5 hxg4 20. Qxc5 Nd6 21. Qc6+
Kd8 22. Bf4 gxh3 23. Bxd6 Rg8+ 24. Kh1 exd6 25. Rxf6 h2 26. Rxf7 Be7 27. Raf1
Bg6 28. R7f2 Be8 29. Qe4 Bg6 30. Qe6 Qa8+ 31. d5 Bh7 32. Rf7 1-0

[Event "XXXI Memorial Edoardo Crespi B"]
[Site "Milano ITA"]
[Date "2010.12.08"]
[Round "6"]
[White "Merlotti, Marco"]
[Black "Marchini, Daniele"]
[Result "1-0"]
[WhiteElo "1797"]
[BlackElo "1847"]
[PlyCount "59"]
[EventDate "2010.12.04"]

1. d4 Nf6 2. c4 g6 3. Nc3 d5 4. cxd5 Nxd5 5. e4 Nxc3 6. bxc3 Bg7 7. Bc4 c5 8.
Ne2 Nc6 9. Be3 O-O 10. O-O Bg4 11. f3 Na5 12. Bxf7+ Rxf7 13. fxg4 Rxf1+ 14.
Kxf1 Qd6 15. Kg1 Rd8 16. Qa4 b6 17. g5 e6 18. Rd1 cxd4 19. cxd4 Nc6 20. d5 Be5
21. g3 Rd7 22. Nf4 Nd8 23. Rd3 Bxf4 24. gxf4 Qc7 25. Qb5 exd5 26. Rxd5 Re7 27.
Qb3 Ne6 28. f5 gxf5 29. exf5 Nc5 30. Rxc5+ 1-0

[Event "XXXI Memorial Edoardo Crespi B"]
[Site "Milano ITA"]
[Date "2010.12.08"]
[Round "6"]
[White "Miracola, Massimiliano"]
[Black "Colombo, Luca"]
[Result "1-0"]
[WhiteElo "1862"]
[BlackElo "1912"]
[PlyCount "143"]
[EventDate "2010.12.04"]

1. e4 c5 2. Nf3 d6 3. d4 cxd4 4. Nxd4 Nf6 5. Nc3 g6 6. Be3 Bg7 7. f3 O-O 8. Qd2
Nc6 9. O-O-O Bd7 10. g4 Rc8 11. h4 Ne5 12. h5 Qa5 13. Be2 b5 14. Kb1 b4 15. Nd5
Nxd5 16. exd5 Qxd5 17. Nf5 Qxd2 18. Nxe7+ Kh8 19. Rxd2 Rce8 20. Nd5 Bc6 21.
Bxa7 Bxd5 22. Rxd5 Nc6 23. Bb5 Nxa7 24. Bxe8 Rxe8 25. hxg6 fxg6 26. Rxd6 Kg8
27. Rb6 Bf8 28. Rb7 Re7 29. Rxb4 Nc6 30. Rb3 Nd4 31. Rd3 Bg7 32. c3 Ne2 33. Kc2
Nf4 34. Rdd1 Ng2 35. Rd8+ Bf8 36. b4 Ne1+ 37. Kb3 Nxf3 38. Rf1 Rf7 39. Kb2 Kg7
40. Rd3 Ne5 41. Rxf7+ Kxf7 42. Rd1 Nxg4 43. Rd7+ Be7 44. b5 Ne5 45. Rc7 Ke6 46.
b6 Kd6 47. a4 Nd3+ 48. Kc2 Nc5 49. Ra7 Ke6 50. b7 Bd6 51. Ra8 Nxb7 52. a5 Nxa5
53. Rxa5 Be5 54. Kd3 h5 55. c4 Kf5 56. Ke2 Ke4 57. c5 Bh2 58. c6 h4 59. Ra7 g5
60. c7 Bxc7 61. Rxc7 Kf4 62. Rf7+ Kg3 63. Kf1 h3 64. Kg1 g4 65. Ra7 Kh4 66. Ra4
Kg3 67. Ra3+ Kf4 68. Kh2 Ke4 69. Kg3 Kf5 70. Ra5+ Ke4 71. Kxg4 h2 72. Rh5 1-0

[Event "XXXI Memorial Edoardo Crespi B"]
[Site "Milano ITA"]
[Date "2010.12.08"]
[Round "6"]
[White "Morandi, Daniele"]
[Black "Illyuviev, Oleg"]
[Result "1-0"]
[WhiteElo "1925"]
[BlackElo "1988"]
[PlyCount "41"]
[EventDate "2010.12.04"]

1. e4 c5 2. Nf3 Nc6 3. d4 cxd4 4. Nxd4 g6 5. Be2 Bg7 6. Be3 Nf6 7. Nc3 O-O 8.
O-O d6 9. Qd2 Ng4 10. Bxg4 Bxg4 11. f4 Bd7 12. Rad1 a6 13. h3 Re8 14. Nd5 Na5
15. b3 b5 16. Nf3 Rb8 17. Bd4 Bxd4+ 18. Nxd4 Nc6 19. f5 Ne5 20. f6 exf6 21. Qh6
1-0

[Event "XXXI Memorial Edoardo Crespi B"]
[Site "Milano ITA"]
[Date "2010.12.08"]
[Round "6"]
[White "Moroni, Luca jr"]
[Black "Ganci, Stefano"]
[Result "0-1"]
[WhiteElo "1744"]
[BlackElo "1891"]
[PlyCount "106"]
[EventDate "2010.12.04"]

1. e4 Nc6 2. d4 e5 3. d5 Nce7 4. c4 Ng6 5. Be3 Bb4+ 6. Nc3 Nf6 7. Qc2 O-O 8.
Nf3 d6 9. Be2 Ng4 10. Bg5 f6 11. Bd2 Bc5 12. O-O f5 13. Bd3 Nh4 14. Ng5 Nxf2
15. Rxf2 Bxf2+ 16. Kxf2 fxe4+ 17. Kg1 exd3 18. Qxd3 Bf5 19. Nce4 Qe7 20. Rf1
Ng6 21. Rxf5 Rxf5 22. Qh3 Rxg5 23. Nxg5 h6 24. Qe6+ Qxe6 25. Nxe6 Rc8 26. g3
Nf8 27. Nxf8 Rxf8 28. Kg2 Kf7 29. Kf3 Ke7+ 30. Ke2 Kd7 31. Bc3 Rf7 32. b3 c6
33. Bb2 cxd5 34. cxd5 Rf5 35. Bc3 Rh5 36. h4 Rf5 37. Bb2 Rf8 38. a4 Rc8 39. Kd3
Rc5 40. Ke4 Rc2 41. Ba1 Ke7 42. g4 Rc1 43. Bb2 Rb1 44. Bc3 Rxb3 45. Bd2 Rh3 46.
Be1 g6 47. Bf2 a6 48. a5 Rh2 49. Bg3 Ra2 50. h5 Ra4+ 51. Kf3 g5 52. Bf2 Rxa5
53. Ke4 Kf6 0-1

[Event "XXXI Memorial Edoardo Crespi B"]
[Site "Milano ITA"]
[Date "2010.12.08"]
[Round "6"]
[White "Motola, Jacopo"]
[Black "Trent, Alan M."]
[Result "1/2-1/2"]
[WhiteElo "1837"]
[BlackElo "1816"]
[PlyCount "69"]
[EventDate "2010.12.04"]

1. e4 g6 2. d4 c6 3. c4 d5 4. e5 Nh6 5. f4 Bg4 6. Be2 Bxe2 7. Qxe2 e6 8. c5 Nf5
9. Nf3 h5 10. Nc3 Na6 11. a3 Be7 12. b4 O-O 13. Qf2 Nc7 14. g3 a5 15. Bb2 axb4
16. axb4 Rxa1+ 17. Bxa1 Qa8 18. Bb2 Qa6 19. Qe2 Ra8 20. Qxa6 bxa6 21. Kf2 Rb8
22. Na2 a5 23. Bc3 axb4 24. Nxb4 Nb5 25. Nxc6 Rc8 26. Nxe7+ Nxe7 27. Bb2 Rb8
28. Ra1 Nc6 29. Ra6 Nb4 30. Rb6 Rxb6 31. cxb6 Nc6 32. Ke3 Kf8 33. Nd2 Ke8 34.
h3 Na5 35. Kd3 1/2-1/2

[Event "XXXI Memorial Edoardo Crespi B"]
[Site "Milano ITA"]
[Date "2010.12.08"]
[Round "6"]
[White "Olivo, Mario"]
[Black "Bisignano, Giuseppe"]
[Result "0-1"]
[WhiteElo "1818"]
[BlackElo "1898"]
[PlyCount "120"]
[EventDate "2010.12.04"]

1. c4 e5 2. Nc3 Nf6 3. Nf3 Nc6 4. g3 Bc5 5. Bg2 d6 6. O-O Bf5 7. h3 h6 8. d3
Qd7 9. Kh2 e4 10. Nh4 Bh7 11. Nxe4 Nxe4 12. dxe4 g5 13. Nf5 O-O-O 14. Ne3 Ne5
15. b3 f5 16. exf5 Bxf5 17. Nxf5 Qxf5 18. Qd5 c6 19. Qe4 Qf7 20. Be3 Bxe3 21.
Qxe3 Kb8 22. Rad1 Rd7 23. f4 gxf4 24. Qxf4 Qe8 25. Qf6 Kc7 26. e4 Rg8 27. Qf2
b6 28. Qe2 Qg6 29. Qe3 Rdg7 30. Rf2 Qh5 31. Bf3 Rxg3 32. Bxh5 Rxe3 33. Rf4 Rg5
34. Rh4 Ng6 35. Bxg6 Rxg6 36. Rd2 Re6 37. Kg2 R3xe4 38. Rxe4 Rxe4 39. Kf3 Re5
40. Kf4 b5 41. cxb5 Rxb5 42. Rg2 Rb4+ 43. Kf5 Rh4 44. Rg7+ Kb6 45. Rg3 d5 46.
Ke5 Rh5+ 47. Kd4 c5+ 48. Kd3 Kb5 49. a3 a5 50. Kc3 a4 51. Rf3 d4+ 52. Kc2 axb3+
53. Rxb3+ Ka4 54. Kb2 Re5 55. Rb6 Re2+ 56. Kc1 Kxa3 57. Rxh6 Kb3 58. Rg6 Kc3
59. Rg3+ d3 60. Kd1 Rh2 0-1

[Event "XXXI Memorial Edoardo Crespi B"]
[Site "Milano ITA"]
[Date "2010.12.08"]
[Round "6"]
[White "Petrone, Gianmario"]
[Black "Arboscelli, Gregorio"]
[Result "1-0"]
[WhiteElo "1778"]
[BlackElo "1906"]
[PlyCount "75"]
[EventDate "2010.12.04"]

1. e4 c5 2. Nf3 d6 3. d4 cxd4 4. Nxd4 Nf6 5. Nc3 g6 6. Be3 Bg7 7. f3 O-O 8. Qd2
Nc6 9. O-O-O Nxd4 10. Bxd4 Be6 11. g4 Qa5 12. Kb1 Kh8 13. h4 Rfc8 14. a3 a6 15.
Qf2 Rc6 16. h5 g5 17. h6 Bf8 18. f4 Kg8 19. f5 Bc4 20. Bxc4 Rxc4 21. Qe3 Rxd4
22. Qxd4 Rc8 23. Qd2 Qe5 24. Qxg5+ Kh8 25. Rhe1 e6 26. Qh4 Be7 27. g5 Nd7 28.
Qh5 Kg8 29. Qg4 Kh8 30. g6 Nf6 31. g7+ Kg8 32. Qf3 b5 33. fxe6 fxe6 34. Qf2 Rc4
35. Qa7 Kf7 36. Rf1 Qc5 37. Rxf6+ Kxf6 38. Qxc5 1-0

[Event "XXXI Memorial Edoardo Crespi B"]
[Site "Milano ITA"]
[Date "2010.12.08"]
[Round "6"]
[White "Piantoni, Pierino"]
[Black "Guzzetti, Luigi Enrico"]
[Result "0-1"]
[WhiteElo "1960"]
[BlackElo "1889"]
[PlyCount "76"]
[EventDate "2010.12.04"]

1. Nf3 Nf6 2. c4 g6 3. b4 Bg7 4. Bb2 d6 5. e3 e5 6. d4 exd4 7. exd4 O-O 8. Be2
Re8 9. O-O c6 10. a4 Bg4 11. h3 Bxf3 12. Bxf3 d5 13. Nd2 Nbd7 14. Qb3 Nf8 15.
Rfe1 Ne6 16. g3 Qd7 17. Bg2 Ng5 18. Kh2 Qf5 19. f4 Nge4 20. Nf1 Qh5 21. Bf3 Qh6
22. cxd5 cxd5 23. Kg2 Rad8 24. Ne3 Nd2 25. Qd3 Nxf3 26. Kxf3 Qxh3 27. Rh1 Rxe3+
28. Qxe3 Qg4+ 29. Kg2 Qf5 30. Kg1 Re8 31. Qf3 Ng4 32. Rd1 h5 33. Bc1 Qc2 34.
Bd2 Bxd4+ 35. Kf1 Qc4+ 36. Kg2 Re2+ 37. Kh3 Nf2+ 38. Kg2 Nxd1+ 0-1

[Event "XXXI Memorial Edoardo Crespi B"]
[Site "Milano ITA"]
[Date "2010.12.08"]
[Round "6"]
[White "Pierandrei, Cristiano"]
[Black "Fornasir, Carlo Gustavo"]
[Result "1-0"]
[WhiteElo "1941"]
[BlackElo "1876"]
[PlyCount "81"]
[EventDate "2010.12.04"]

1. Nf3 d5 2. d4 Nf6 3. c4 e6 4. g3 c6 5. Bg2 Bb4+ 6. Bd2 Qa5 7. Nc3 Nbd7 8. a3
Bxc3 9. Bxc3 Qc7 10. O-O Ne4 11. Rc1 Nxc3 12. Rxc3 O-O 13. Qc2 Nb6 14. Ng5 f5
15. cxd5 exd5 16. b3 Qe7 17. Qc1 Nd7 18. Re1 Nf6 19. Nf3 Ne4 20. Rc2 Qf6 21. e3
Be6 22. Ne5 Rad8 23. b4 a6 24. a4 Nd6 25. Bf1 Rc8 26. Qb2 g5 27. f4 Kh8 28.
Rec1 Rg8 29. b5 cxb5 30. Rxc8 Rxc8 31. Rxc8+ Bxc8 32. axb5 axb5 33. Bxb5 gxf4
34. gxf4 Qd8 35. Qb4 Be6 36. Bd7 Qc7 37. Bxe6 Qc1+ 38. Kg2 Qd1 39. Qb2 Ne4 40.
Bxd5 Nd2 41. Qb5 1-0

[Event "XXXI Memorial Edoardo Crespi B"]
[Site "Milano ITA"]
[Date "2010.12.08"]
[Round "6"]
[White "Primerano, Carlo"]
[Black "Monticone, Sonia"]
[Result "0-1"]
[WhiteElo "1763"]
[BlackElo "1827"]
[PlyCount "76"]
[EventDate "2010.12.04"]

1. d4 d5 2. c4 c6 3. cxd5 cxd5 4. Nf3 Nf6 5. Nc3 Bf5 6. Qb3 b6 7. Bf4 a6 8. e3
e6 9. Rc1 Bd6 10. Ne5 O-O 11. Be2 b5 12. O-O Ne4 13. Nxe4 dxe4 14. Nc6 Nxc6 15.
Rxc6 Bxf4 16. exf4 Qxd4 17. Rd1 Qa7 18. Qc3 Rfd8 19. Rdd6 Qb8 20. Qd4 Rxd6 21.
Rxd6 Qc7 22. g4 Bg6 23. a4 bxa4 24. Rd7 Qb8 25. Bxa6 Qf8 26. Qxa4 h6 27. Qc6
Rb8 28. Qc7 Qb4 29. Bb7 Qe1+ 30. Kg2 Rf8 31. Qe5 Qe2 32. h3 Qf3+ 33. Kg1 Qxh3
34. g5 Qg4+ 35. Kf1 hxg5 36. fxg5 Bf5 37. Rd4 Qxg5 38. Bxe4 Bh3+ 0-1

[Event "XXXI Memorial Edoardo Crespi B"]
[Site "Milano ITA"]
[Date "2010.12.08"]
[Round "6"]
[White "Reale, Simone"]
[Black "Piazza, Angelo"]
[Result "1-0"]
[WhiteElo "1907"]
[BlackElo "1959"]
[PlyCount "87"]
[EventDate "2010.12.04"]

1. d4 b5 2. e4 Bb7 3. Bd3 e6 4. Nf3 a6 5. O-O Nf6 6. Nbd2 c5 7. c3 cxd4 8. cxd4
Be7 9. e5 Nd5 10. Ne4 Qb6 11. Bg5 f6 12. Bh4 Nc6 13. Bb1 O-O-O 14. Bg3 f5 15.
Nc3 Nc7 16. Bxf5 Nb4 17. Be4 g5 18. Bxb7+ Qxb7 19. Rc1 Kb8 20. a3 Nc6 21. d5
exd5 22. Nxd5 Nxd5 23. Qxd5 Ka8 24. Nd2 h5 25. f4 gxf4 26. Bxf4 Rhg8 27. Ne4
Qb6+ 28. Kh1 Qd4 29. Qxd4 Nxd4 30. Be3 Nc6 31. Rf7 Rg4 32. Nd6 Bxd6 33. exd6
Ne5 34. Rh7 Nc4 35. Bf2 Nd2 36. Bb6 Rdg8 37. Rxd7 Nc4 38. Bc5 Rxg2 39. Re1 R2g5
40. Ree7 Rxc5 41. Ra7+ Kb8 42. Reb7+ Kc8 43. d7+ Kd8 44. Ra8+ 1-0

[Event "XXXI Memorial Edoardo Crespi B"]
[Site "Milano ITA"]
[Date "2010.12.08"]
[Round "6"]
[White "Rossi, Giampiero"]
[Black "Colica, Daniele"]
[Result "1-0"]
[WhiteElo "1906"]
[BlackElo "1753"]
[PlyCount "97"]
[EventDate "2010.12.04"]

1. d4 Nf6 2. c4 e5 3. dxe5 Ne4 4. Nc3 Bb4 5. Qc2 d5 6. cxd5 Bf5 7. Qa4+ Nc6 8.
Bd2 Nc5 9. Qb5 a6 10. Qc4 Nxe5 11. Qxb4 Qe7 12. Kd1 O-O-O 13. Qf4 Bg6 14. Nf3
f6 15. h4 b5 16. g3 Nc4 17. b3 Na3 18. Nd4 Be8 19. Bh3+ Kb8 20. Nf5 Qe5 21.
Qxe5 fxe5 22. Nxg7 b4 23. Na4 Nxa4 24. bxa4 Bxa4+ 25. Kc1 Rxd5 26. Bxb4 Nb5 27.
Kb2 c5 28. Ba5 Nd4 29. Bg2 Rd7 30. Nh5 Ka7 31. Ka3 Bc2 32. Rhc1 Rb8 33. Nf6 Rf7
34. Ne4 Nb5+ 35. Kb2 Bxe4 36. Bxe4 Nd4+ 37. Kc3 Nxe2+ 38. Kd2 Rb2+ 39. Rc2
Rxc2+ 40. Bxc2 Rxf2 41. Ke3 Rh2 42. Be4 Nxg3 43. Bf3 Rxh4 44. Rb1 e4 45. Bg2
Nf5+ 46. Ke2 Rh2 47. Kf2 e3+ 48. Kg1 Rh5 49. Rb7+ 1-0

[Event "XXXI Memorial Edoardo Crespi B"]
[Site "Milano ITA"]
[Date "2010.12.08"]
[Round "6"]
[White "Rota, Giacomo"]
[Black "Franco, Alessandro P."]
[Result "1-0"]
[WhiteElo "2011"]
[BlackElo "1906"]
[PlyCount "77"]
[EventDate "2010.12.04"]

1. d4 Nf6 2. Nf3 g6 3. g3 Bg7 4. Bg2 O-O 5. O-O d6 6. Nbd2 Nbd7 7. e4 e5 8.
dxe5 dxe5 9. b3 c6 10. Bb2 Qc7 11. Qe2 Re8 12. Rfd1 Nc5 13. a4 Nfd7 14. Nc4 b6
15. Nd6 Re6 16. Qd2 Bf8 17. Nxc8 Rxc8 18. Bh3 Rd6 19. Qe2 f6 20. b4 Nb7 21.
Qc4+ Kg7 22. Ne1 Re8 23. Nd3 a5 24. c3 Qd8 25. Qa6 Ndc5 26. bxc5 Nxc5 27. Qc4
Nxd3 28. Rdb1 Nxb2 29. Rxb2 Rd1+ 30. Rxd1 Qxd1+ 31. Kg2 Bc5 32. Qa2 Rd8 33. Be6
Rd3 34. Rb1 Qf3+ 35. Kg1 Rxc3 36. Bg8 Rc2 37. Qf7+ Kh6 38. Qxh7+ Kg5 39. Qh4#
1-0

[Event "XXXI Memorial Edoardo Crespi B"]
[Site "Milano ITA"]
[Date "2010.12.08"]
[Round "6"]
[White "Silari, Andrea"]
[Black "Calzolari, Giampietro"]
[Result "1/2-1/2"]
[WhiteElo "1805"]
[BlackElo "1859"]
[PlyCount "68"]
[EventDate "2010.12.04"]

1. e4 e6 2. d3 d5 3. Nd2 c5 4. Ngf3 Nc6 5. g3 Bd6 6. Bg2 Nge7 7. O-O O-O 8. Re1
Bc7 9. Qe2 f6 10. a4 d4 11. Nc4 e5 12. Bd2 Be6 13. Nh4 Qd7 14. f4 Bg4 15. Bf3
Bxf3 16. Qxf3 g5 17. f5 gxh4 18. Bh6 Rf7 19. Qg4+ Kh8 20. Qxh4 Nb4 21. Re2 Ng8
22. g4 Nxh6 23. Qxh6 Rg8 24. Rg2 Qe7 25. Kh1 Qf8 26. Qh5 Rfg7 27. Rag1 Rg5 28.
Qh3 R5g7 29. Qf3 b6 30. h4 h6 31. c3 Nc6 32. Rh2 Bd8 33. Rg3 Rh7 34. Rhg2 Rhg7
1/2-1/2

[Event "XXXI Memorial Edoardo Crespi B"]
[Site "Milano ITA"]
[Date "2010.12.08"]
[Round "6"]
[White "Sirletti, Sonia"]
[Black "Papa, Angelo"]
[Result "1/2-1/2"]
[WhiteElo "1903"]
[BlackElo "1823"]
[PlyCount "52"]
[EventDate "2010.12.04"]

1. d4 g6 2. c4 Bg7 3. Nc3 d6 4. e4 Nf6 5. Nf3 O-O 6. Be2 e5 7. d5 a5 8. Bg5 h6
9. Bh4 g5 10. Bg3 Nh5 11. Nd2 Nf4 12. O-O Na6 13. Rb1 f5 14. exf5 Bxf5 15. Nde4
Nc5 16. f3 h5 17. Rc1 b6 18. a3 Qe7 19. b4 axb4 20. axb4 Nxe2+ 21. Qxe2 Nb3 22.
Rcd1 Nd4 23. Qb2 g4 24. fxg4 Bxg4 25. Rxf8+ Rxf8 26. Rf1 Rxf1+ 1/2-1/2

[Event "XXXI Memorial Edoardo Crespi B"]
[Site "Milano ITA"]
[Date "2010.12.08"]
[Round "6"]
[White "Velluti, Alberto"]
[Black "Villalba, Fernando"]
[Result "1-0"]
[WhiteElo "1947"]
[BlackElo "1889"]
[PlyCount "125"]
[EventDate "2010.12.04"]

1. e4 c5 2. Nf3 Nc6 3. d4 cxd4 4. Nxd4 g6 5. Nc3 Bg7 6. Be3 Nf6 7. f3 O-O 8.
Qd2 a5 9. Be2 d5 10. Nxc6 bxc6 11. Rd1 e6 12. O-O Bb7 13. exd5 exd5 14. Rfe1
Re8 15. Na4 Nd7 16. Nc5 Nxc5 17. Bxc5 Qh4 18. Bf2 Qf6 19. c3 Qd6 20. Bd3 Be5
21. Qh6 Bg7 22. Qh4 Qf6 23. Qh3 Qd8 24. Bc5 Bc8 25. Rxe8+ Qxe8 26. Qg3 Be6 27.
Re1 Qd7 28. Bc2 Qb7 29. Rb1 Qb5 30. Qf2 Re8 31. Bd4 Bxd4 32. Qxd4 Qe2 33. Qd3
Qe5 34. Qd2 Qd6 35. Re1 c5 36. Bb3 c4 37. Bd1 Qb6+ 38. Qf2 Rb8 39. Qxb6 Rxb6
40. Re2 Bf5 41. Rd2 Be6 42. Kf2 Kf8 43. Ke3 Ke7 44. Be2 a4 45. a3 Kf6 46. Kd4
g5 47. Bd1 Ra6 48. Kc5 h5 49. Kb4 Rb6+ 50. Kxa4 Bd7+ 51. Ka5 Rb5+ 52. Ka6 Rc5
53. Kb6 Rc8 54. Rxd5 Be6 55. Rd2 h4 56. a4 Ke5 57. a5 Rb8+ 58. Ka7 Rb5 59. a6
Bd5 60. Ba4 Ra5 61. Be8 Rc5 62. Kb6 Kd6 63. a7 1-0

[Event "XXXI Memorial Edoardo Crespi B"]
[Site "Milano ITA"]
[Date "2010.12.08"]
[Round "7"]
[White "Alidosi, Marco"]
[Black "Laurino, Alberto"]
[Result "1-0"]
[WhiteElo "1811"]
[BlackElo "1801"]
[PlyCount "147"]
[EventDate "2010.12.04"]

1. d4 Nf6 2. Nf3 e6 3. Bf4 d5 4. Nbd2 Bd6 5. Ne5 Nh5 6. Bg3 Nxg3 7. hxg3 Bxe5
8. dxe5 b6 9. e3 Bb7 10. c3 Nd7 11. f4 Qe7 12. Nf3 O-O-O 13. Bd3 h6 14. b4 g5
15. Qe2 g4 16. Nd4 h5 17. Rh4 c5 18. Nb5 Kb8 19. Nd6 c4 20. Bc2 Ba8 21. a4 f6
22. Bg6 Rdf8 23. a5 fxe5 24. Nb5 Bc6 25. Na3 b5 26. O-O-O Qg7 27. Qc2 e4 28.
Bxh5 Nf6 29. Rdh1 Rxh5 30. Rxh5 Nxh5 31. Rxh5 Rh8 32. Rg5 Qh7 33. Kb2 Rg8 34.
Re5 Bd7 35. Qd2 Qf7 36. Nc2 Rh8 37. Qe2 Rg8 38. Nd4 a6 39. Qd1 Rg7 40. Qf1 Rh7
41. f5 Qf6 42. Qf4 Kb7 43. Nxe6 Bxe6 44. Rxe6 Qh8 45. Qd6 Qc8 46. Qxa6+ Kb8 47.
Qxb5+ Rb7 48. Qxd5 Qf8 49. Rd6 Qg7 50. Qxc4 Qe5 51. Rd8+ Ka7 52. Qd4+ Qxd4 53.
Rxd4 Rb5 54. Rxe4 Rxf5 55. Rf4 Rd5 56. Kc2 Rg5 57. e4 Ka6 58. Kd3 Rg7 59. c4
Rd7+ 60. Kc3 Rd1 61. Rxg4 Rc1+ 62. Kd4 Rd1+ 63. Kc5 Re1 64. Rg6+ Ka7 65. Re6
Re2 66. b5 Rxg2 67. Re7+ Kb8 68. Kb6 Kc8 69. c5 Rxg3 70. c6 Kd8 71. Rd7+ Kc8
72. a6 Rg6 73. Rh7 Rg8 74. a7 1-0

[Event "XXXI Memorial Edoardo Crespi B"]
[Site "Milano ITA"]
[Date "2010.12.08"]
[Round "7"]
[White "Arboscelli, Gregorio"]
[Black "Marino, Marco"]
[Result "1-0"]
[WhiteElo "1906"]
[BlackElo "1775"]
[PlyCount "93"]
[EventDate "2010.12.04"]

1. d4 Nf6 2. c4 e6 3. Nc3 Bb4 4. e3 b6 5. Nge2 Ba6 6. a3 Bxc3+ 7. Nxc3 d5 8. b3
O-O 9. Bd3 Nc6 10. cxd5 Bxd3 11. dxc6 Ba6 12. Qf3 Qd6 13. Bb2 Nd5 14. Nxd5 exd5
15. Rc1 Bb5 16. Rc3 Bxc6 17. O-O Bb7 18. Rfc1 Rfc8 19. b4 Ba6 20. e4 Bc4 21. e5
Qg6 22. Qf4 a5 23. Rg3 Qe6 24. h4 b5 25. h5 Kh8 26. Bc3 a4 27. Bd2 Rg8 28. Qh4
Ra6 29. Rcc3 Rc6 30. h6 g6 31. Bg5 Re8 32. Rcf3 Be2 33. Rc3 Bc4 34. Rgf3 Qd7
35. Qf4 Kg8 36. Qh4 Rce6 37. Rf4 Rf8 38. Qg4 Qe8 39. Bf6 Qd7 40. Qg5 Rfe8 41.
Rh4 Rc6 42. Re3 Bb3 43. f4 Rc1+ 44. Kh2 Bc2 45. Rc3 Qf5 46. Qxf5 gxf5 47. g4
1-0

[Event "XXXI Memorial Edoardo Crespi B"]
[Site "Milano ITA"]
[Date "2010.12.08"]
[Round "7"]
[White "Bisignano, Giuseppe"]
[Black "Piantoni, Pierino"]
[Result "0-1"]
[WhiteElo "1898"]
[BlackElo "1960"]
[PlyCount "58"]
[EventDate "2010.12.04"]

1. e4 e6 2. d4 d5 3. Nc3 Bb4 4. e5 c5 5. Bd2 Ne7 6. Nf3 Nbc6 7. dxc5 Bxc5 8. a3
a6 9. Bd3 Qc7 10. Qe2 b5 11. O-O h6 12. Rfe1 Bb7 13. Rad1 Ba7 14. Na2 g5 15. h3
Rg8 16. Nb4 Ng6 17. a4 Nxb4 18. Bxb4 Nf4 19. Qf1 g4 20. hxg4 Rxg4 21. Kh1 Rxg2
22. axb5 O-O-O 23. bxa6 Ba8 24. Re3 Rdg8 25. Bh7 d4 26. Bxg8 dxe3 27. fxe3 Bxe3
28. Rd3 Rg1+ 29. Qxg1 Bxf3+ 0-1

[Event "XXXI Memorial Edoardo Crespi B"]
[Site "Milano ITA"]
[Date "2010.12.08"]
[Round "7"]
[White "Bosi, Clint"]
[Black "Hatipoglu, Metin"]
[Result "1/2-1/2"]
[WhiteElo "2049"]
[BlackElo "1832"]
[PlyCount "117"]
[EventDate "2010.12.04"]

1. f4 d5 2. Nf3 c5 3. g3 Nf6 4. Bg2 Nc6 5. d3 e6 6. c3 Bd6 7. e4 dxe4 8. dxe4
Nxe4 9. Ne5 Bxe5 10. Qxd8+ Kxd8 11. fxe5 f5 12. exf6 Nxf6 13. Bg5 Bd7 14. O-O
Ke7 15. Nd2 Raf8 16. Ne4 b6 17. Rad1 h6 18. Nxf6 gxf6 19. Bxf6+ Rxf6 20. Rxf6
Kxf6 21. Rxd7 Ne5 22. Rxa7 Rd8 23. b4 Rd1+ 24. Kf2 Rd2+ 25. Kf1 Ng4 26. Bc6
Nxh2+ 27. Kg1 Ng4 28. bxc5 bxc5 29. a4 Rd3 30. Kg2 Rxc3 31. a5 Rc2+ 32. Kh3 h5
33. Bg2 c4 34. Rh7 Nf2+ 35. Kh4 Kg6 36. Rxh5 Rd2 37. Rg5+ Kf6 38. a6 Ra2 39.
Rc5 Nd3 40. Rxc4 Rxg2 41. Ra4 Rh2+ 42. Kg4 Rh8 43. a7 Ra8 44. Kf3 Ne5+ 45. Ke4
Nc6 46. Ra6 Nxa7 47. g4 Rg8 48. Rxa7 Rxg4+ 49. Kf3 Rb4 50. Ra5 e5 51. Ra8 Rc4
52. Ke3 Kf5 53. Rf8+ Kg4 54. Rg8+ Kf5 55. Rf8+ Ke6 56. Re8+ Kd6 57. Rd8+ Ke7
58. Ra8 Kd6 59. Rd8+ 1/2-1/2

[Event "XXXI Memorial Edoardo Crespi B"]
[Site "Milano ITA"]
[Date "2010.12.08"]
[Round "7"]
[White "Calzolari, Giampietro"]
[Black "Merlotti, Marco"]
[Result "1/2-1/2"]
[WhiteElo "1859"]
[BlackElo "1797"]
[PlyCount "36"]
[EventDate "2010.12.04"]

1. e4 c5 2. Nf3 e6 3. d3 Nc6 4. g3 d5 5. Nbd2 Nf6 6. Bg2 Be7 7. O-O b6 8. Re1
Bb7 9. e5 Nd7 10. Qe2 Qc7 11. Nf1 h6 12. h4 g5 13. hxg5 hxg5 14. Nxg5 Ndxe5 15.
Bf4 Bd6 16. c3 d4 17. Nh2 O-O-O 18. c4 Ng6 1/2-1/2